000 00866nam a2200301Ia 4500
001 84194
003 IT-RoPAU
008 130308s9999 xx 000 0 und d
040 _aIT-RoPAU
040 _cIT-RoPAU
041 _aITALIANO
100 _aZakojan Garegin
100 _gCodice Aut. SPICS: 29204
245 _aModello nazionale e cinema di poesia
245 _bCinema delle Repubbliche Transcaucasiche sovietiche (Il)-Armenia, Azerbaigian, Georgia
250 _a1a ed.
260 _aVENEZIA
260 _bMarsilio
260 _c1986 [1° Ed.:1986 - Ed.Ling.Originale:1986]
300 _a"26 p. (prefazione: no ; testo: 26 [pagine: 285-310])"
500 _aCinema Arte della Parola Astratta
650 _aSTORIA NAZIONALE DEL CINEMA
650 _eCodice materia Spics: 6809
942 _cBK
957 _71
999 _c54242
_d54242
999 _bSI
999 _g1